[Event "Dhaka Walton op"]
[Site "Dhaka"]
[Date "2018.05.27"]
[Round "2"]
[White "Abdul, Momin"]
[Black "Arifuzzaman, Arif"]
[Result "1-0"]
[WhiteElo "2007"]
[BlackElo "1781"]
[PlyCount "71"]
[EventDate "2018.05.26"]
[EventType "swiss"]
[EventRounds "9"]
[EventCountry "BAN"]
[SourceTitle "CBM 184 Extra"]
[Source "ChessBase"]
[SourceDate "2018.06.28"]
[SourceVersion "1"]
[SourceVersionDate "2018.06.28"]
[SourceQuality "1"]

1. e4 c5 2. Nf3 e6 3. c4 Nc6 4. Nc3 Nf6 5. Be2 Be7 6. d4 cxd4 7. Nxd4 0-0 8. 0-0 Bb4 9. f3 Qb6 10. Be3 Qd8 11. Kh1 h6 12. Ncb5 a6 13. Nxc6 bxc6 14. Nd6 Bxd6 15. Qxd6 Kh7 16. Bd3 g6 17. Qf4 Ng8 18. Bc5 e5 19. Qxe5 Re8 20. Qg3 d5 21. cxd5 cxd5 22. exd5 Qxd5 23. Be4 Qxc5 24. Bxa8 Be6 25. Be4 Nf6 26. b3 Rd8 27. Qf2 Qb4 28. Qe1 Qa3 29. Qe2 a5 30. Rad1 Rc8 31. Rd2 Kg7 32. Re1 Rb8 33. Qd1 Rb4 34. Ree2 a4 35. bxa4 Qxa4 36. Bc2 1-0

[Event "Dhaka Powertec op-B"]
[Site "Dhaka"]
[Date "2017.07.17"]
[Round "3"]
[White "Rana Pratap, Singha"]
[Black "Arifuzzaman, Arif"]
[Result "1-0"]
[WhiteElo "1888"]
[BlackElo "1804"]
[PlyCount "44"]
[EventDate "2017.07.15"]
[EventType "swiss"]
[EventRounds "9"]
[EventCountry "BAN"]
[SourceTitle "EXT 2018"]
[Source "ChessBase"]
[SourceDate "2017.10.13"]
[SourceVersion "1"]
[SourceVersionDate "2017.10.13"]
[SourceQuality "1"]

1. e4 c5 2. Nf3 Nc6 3. d4 cxd4 4. Nxd4 Nf6 5. Nc3 a6 6. Be3 g6 7. Bc4 Bg7 8. f3 b5 9. Bb3 Qc7 10. Qd2 Bb7 11. 0-0-0 Na5 12. Bh6 0-0 13. Bxg7 Kxg7 14. h4 h5 15. g4 hxg4 16. h5 Nxb3+ 17. axb3 gxf3 18. hxg6 Rh8 19. Nf5+ Kxg6 20. Rdg1+ Ng4 21. Rxg4+ Kf6 22. Qg5+ Ke5 1-0

[Event "Dhaka SGS op"]
[Site "Dhaka"]
[Date "2017.06.07"]
[Round "5"]
[White "Md Abu, Hanif"]
[Black "Arifuzzaman, Arif"]
[Result "1-0"]
[WhiteElo "2017"]
[BlackElo "1788"]
[PlyCount "93"]
[EventDate "2017.06.03"]
[EventType "swiss"]
[EventRounds "9"]
[EventCountry "BAN"]
[SourceTitle "EXT 2019"]
[Source "ChessBase"]
[SourceDate "2018.10.10"]
[SourceVersion "1"]
[SourceVersionDate "2018.10.10"]
[SourceQuality "1"]

1. d4 Nf6 2. c4 e6 3. Nf3 c5 4. d5 d6 5. Nc3 Be7 6. e4 Nbd7 7. Bd3 h6 8. 0-0 0-0 9. h3 e5 10. a3 Nh7 11. b4 b6 12. Be3 Ng5 13. Nd2 Nh7 14. Re1 Bg5 15. Nf1 Nb8 16. Qc2 g6 17. Ng3 Na6 18. Rab1 Bd7 19. Qd2 Qf6 20. Nce2 Bxe3 21. Qxe3 Qg5 22. f4 exf4 23. Qxf4 Qxf4 24. Nxf4 Rfe8 25. Nf1 Kg7 26. Nh2 Re7 27. Nf3 Ng5 28. Nd2 Rf8 29. b5 Nc7 30. a4 Re5 31. h4 Nh7 32. Nf3 Ree8 33. e5 dxe5 34. Nxe5 Nf6 35. Bc2 Rd8 36. Ra1 Rfe8 37. a5 Ra8 38. axb6 axb6 39. Nxd7 Rxe1+ 40. Rxe1 Nxd7 41. Re7 Rd8 42. Bxg6 Kg8 43. Bf5 Nxd5 44. cxd5 Nf6 45. Re5 Kg7 46. g4 Ne8 47. Re7 1-0

[Event "Dhaka SGS op"]
[Site "Dhaka"]
[Date "2017.06.06"]
[Round "4"]
[White "Arifuzzaman, Arif"]
[Black "Sacchu, Afzal Hossain"]
[Result "0-1"]
[WhiteElo "1788"]
[BlackElo "2058"]
[PlyCount "92"]
[EventDate "2017.06.03"]
[EventType "swiss"]
[EventRounds "9"]
[EventCountry "BAN"]
[SourceTitle "EXT 2019"]
[Source "ChessBase"]
[SourceDate "2018.10.10"]
[SourceVersion "1"]
[SourceVersionDate "2018.10.10"]
[SourceQuality "1"]

1. c4 c5 2. g3 e6 3. Bg2 Nf6 4. Nc3 Nc6 5. Nf3 d5 6. d4 dxc4 7. dxc5 Qxd1+ 8. Nxd1 Bxc5 9. Bf4 Nd5 10. Bd2 b5 11. Rc1 a5 12. 0-0 Ba6 13. b3 Ba3 14. Rb1 b4 15. bxc4 Bxc4 16. Bc1 Bxe2 17. Re1 Bd3 18. Ra1 0-0 19. Bxa3 bxa3 20. Ne3 Rad8 21. Rec1 Nxe3 22. fxe3 Be4 23. Rc3 Bxf3 24. Bxf3 Nb4 25. Rc5 Rd3 26. Rxa5 Rxe3 27. Kf2 Rc3 28. Bd1 Rd8 29. Bb3 h5 30. Rxh5 Rd2+ 31. Kg1 Nc6 32. Rb1 g6 33. Rh4 Nd4 34. Bd1 Rxd1+ 35. Rxd1 Nf3+ 36. Kg2 Nxh4+ 37. gxh4 Rc2+ 38. Kh3 Rxa2 39. Rd3 Ra1 40. Rg3 a2 41. Ra3 Kg7 42. Kg2 f5 43. Ra6 Kh6 44. Kh3 e5 45. Ra8 e4 46. Kg2 e3 0-1

[Event "Dhaka op"]
[Site "Dhaka"]
[Date "2016.06.28"]
[Round "5"]
[White "Kabir, Mohammad Sherajul"]
[Black "Arifuzzaman, Arif"]
[Result "1-0"]
[WhiteElo "2064"]
[BlackElo "1827"]
[PlyCount "63"]
[EventDate "2016.06.24"]
[EventType "swiss"]
[EventRounds "9"]
[EventCountry "BAN"]
[SourceTitle "EXT 2017"]
[Source "ChessBase"]
[SourceDate "2016.10.25"]
[SourceVersion "1"]
[SourceVersionDate "2016.10.25"]
[SourceQuality "1"]

1. d4 d5 2. c4 e6 3. Nc3 Nf6 4. Nf3 Bb4 5. Bg5 h6 6. Bh4 dxc4 7. e3 g5 8. Bg3 Ne4 9. Qc2 Bxc3+ 10. bxc3 Nxg3 11. hxg3 Qd5 12. e4 Qd8 13. Bxc4 c6 14. Qd2 Nd7 15. Nxg5 Qf6 16. e5 Nxe5 17. dxe5 Qxe5+ 18. Qe3 Qf6 19. Ne4 Qg7 20. Nd6+ Kf8 21. Rh4 b5 22. Be2 f5 23. Qc5 Qe7 24. Qxc6 Kg7 25. Qxa8 Qxd6 26. Qxa7+ Bd7 27. Rd1 Qe5 28. Rxd7+ Kg6 29. Qd4 Qxd4 30. cxd4 Ra8 31. Bh5+ Kf6 32. Rf7+ 1-0

[Event "Dhaka op"]
[Site "Dhaka"]
[Date "2016.06.27"]
[Round "4"]
[White "Arifuzzaman, Arif"]
[Black "Chowdhury, Sohel"]
[Result "0-1"]
[WhiteElo "1827"]
[BlackElo "2183"]
[PlyCount "118"]
[EventDate "2016.06.24"]
[EventType "swiss"]
[EventRounds "9"]
[EventCountry "BAN"]
[SourceTitle "EXT 2017"]
[Source "ChessBase"]
[SourceDate "2016.10.25"]
[SourceVersion "1"]
[SourceVersionDate "2016.10.25"]
[SourceQuality "1"]

1. d4 d5 2. g3 c6 3. Bg2 Nf6 4. Nf3 Bg4 5. 0-0 h6 6. Nc3 Nbd7 7. Qd3 e6 8. e4 dxe4 9. Nxe4 Nxe4 10. Qxe4 Bf5 11. Qe2 Be7 12. c3 0-0 13. Bf4 Bf6 14. Rfe1 Re8 15. Rad1 Qa5 16. a3 Bg4 17. h3 Bf5 18. g4 Bh7 19. Ne5 Qd8 20. Bg3 Nb6 21. f4 Bh4 22. Kh2 Bxg3+ 23. Kxg3 Qc7 24. Be4 f6 25. Bxh7+ Kxh7 26. Qe4+ Kg8 27. Ng6 Nc4 28. Re2 Qf7 29. Rde1 Nd6 30. Qd3 f5 31. Ne5 Qe7 32. Nf3 Ne4+ 33. Kg2 Qd6 34. Ne5 b5 35. b4 Rad8 36. Re3 Qd5 37. Kh2 Qa2+ 38. R1e2 Qd5 39. Rc2 a6 40. Ng6 Qd6 41. Ne5 Rf8 42. Rf3 Kh7 43. a4 Qd5 44. c4 Qd6 45. cxb5 cxb5 46. axb5 axb5 47. Qxb5 Qxd4 48. Rd3 Qa1 49. gxf5 Qf1 50. Qc4 Qxf4+ 51. Kg1 Qxe5 52. Re2 exf5 53. b5 Rc8 54. Qb4 Rfd8 55. Qb3 Rxd3 56. Qxd3 Rc3 57. Qb1 Qg3+ 58. Rg2 Qe3+ 59. Kh2 Qf4+ 0-1